National forest policy (Record no. 475514)

000 -LEADER
fixed length control field 00424cam a22001337a 4500
008 - FIXED-LENGTH DATA ELEMENTS--GENERAL INFORMATION
fixed length control field 180718b1988 xxu||||| |||| 00| 0 eng d
082 ## - DEWEY DECIMAL CLASSIFICATION NUMBER
Classification number Y4000x54
245 ## - TITLE STATEMENT
Title National forest policy
Statement of responsibility, etc. by Ministry of Environment and Forests
260 ## - PUBLICATION, DISTRIBUTION, ETC.
Place of publication, distribution, etc. New Delhi
Name of publisher, distributor, etc. The author
Date of publication, distribution, etc. 1988
300 ## - PHYSICAL DESCRIPTION
Extent 13p.
500 ## - GENERAL NOTE
General note Library has 1988
650 ## - SUBJECT ADDED ENTRY--TOPICAL TERM
Topical term or geographic name entry element Forests and Forestry - Policy - India
700 ## - ADDED ENTRY--PERSONAL NAME
Personal name India. Ministry of Environment and Forests
Holdings
Withdrawn status Lost status Damaged status Not for loan Permanent Location Current Location Date acquired Full call number Barcode Date last seen Price effective from Koha item type
        Indian Institute of Public Administration Indian Institute of Public Administration 2018-08-04 Y4000x54 GG21455 2018-08-04 2018-08-04 GG

Powered by Koha